Изменение состава, свойств и химической структуры торфяных гуминовых кислот под действием термообработки торфов; Химия, химическая технология и биотехнология на рубеже тысячелетий; Т. 2

Библиографические подробности
Источник:Химия, химическая технология и биотехнология на рубеже тысячелетий: IV Международная научная конференция, г. Томск, 11-16 сентября, 2006 г./ Томский политехнический университет (ТПУ) ; Администрация Томской области.— , 2006
Т. 2.— 2006.— С. 153-154
Главный автор: Шишмина Л. В. Людмила Всеволодовна
Другие авторы: Чухарева Н. В. Наталья Вячеславовна
Язык:русский
Опубликовано: 2006
Предметы:
Формат: MixedMaterials Статья
Запись в KOHA:https://koha.lib.tpu.ru/cgi-bin/koha/opac-detail.pl?biblionumber=260105

MARC

LEADER 00000naa2a2200000 4500
001 260105
005 20240118110901.0
035 |a (RuTPU)RU\TPU\book\283051 
035 |a RU\TPU\book\282564 
090 |a 260105 
100 |a 20140514d2006 k y0rusy50 ca 
101 0 |a rus 
102 |a RU 
200 1 |a Изменение состава, свойств и химической структуры торфяных гуминовых кислот под действием термообработки торфов  |f Л. В. Шишмина, Н. В. Чухарева 
320 |a Библиогр.: с. 154 (8 назв.) 
461 0 |0 (RuTPU)RU\TPU\book\137209  |t Химия, химическая технология и биотехнология на рубеже тысячелетий  |o IV Международная научная конференция, г. Томск, 11-16 сентября, 2006 г.  |o в 2 т.  |o материалы  |f Томский политехнический университет (ТПУ) ; Администрация Томской области  |d 2006 
463 0 |0 (RuTPU)RU\TPU\book\136452  |t Т. 2  |v С. 153-154  |d 2006  |p 477 с. 
610 1 |a труды учёных ТПУ 
700 1 |a Шишмина  |b Л. В.  |c российский геолог  |c доцент Томского политехнического университета, кандидат химических наук  |f 1951-  |g Людмила Всеволодовна  |3 (RuTPU)RU\TPU\pers\26106  |9 11936 
701 1 |a Чухарева  |b Н. В.  |c специалист в области нефтегазового дела  |c доцент Томского политехнического университета, кандидат химических наук  |f 1967-  |g Наталья Вячеславовна  |3 (RuTPU)RU\TPU\pers\26133  |9 11962 
801 1 |a RU  |b 63413507  |c 20140512 
801 2 |a RU  |b 63413507  |c 20140514  |g RCR 
942 |c BK